|
|
|
|
| LEADER |
00000cam a2200000 4500 |
| 001 |
vtls011970464 |
| 003 |
SK-MaSNL |
| 005 |
20260426010530.0 |
| 008 |
210906s2020 xo e f 000 0 slo |
| 015 |
|
|
|a SNBA2020/08
|
| 020 |
|
|
|a 9788057102038
|q (brožované)
|
| 035 |
|
|
|a urn:nbn:sk:snk-am00fi4r
|
| 035 |
|
|
|a urn:nbn:sk:snk-am3iuuo
|
| 035 |
|
|
|a 51779538-E368-4103-8E0B-74D391E9EB96
|
| 040 |
|
|
|a SNK
|b slo
|c SNK
|e rda
|
| 041 |
0 |
|
|a slo
|
| 043 |
|
|
|a e-xo---
|
| 044 |
|
|
|a xo
|c SK
|
| 072 |
|
7 |
|a 336.1/.5
|x Verejné financie
|2 konspekt
|
| 080 |
|
|
|a 336.226.322
|2 2011
|
| 080 |
|
|
|a (437.6)
|2 2011
|
| 080 |
|
|
|a (035)
|2 2011
|
| 100 |
1 |
|
|a Drozd, Marián
|4 aut
|9 43475
|
| 245 |
1 |
0 |
|a Daň z pridanej hodnoty
|b otázky a odpovede
|c Marián Drozd
|
| 250 |
|
|
|a Prvé vydanie
|
| 264 |
|
1 |
|a Bratislava
|b Wolters Kluwer
|c 2020
|
| 300 |
|
|
|a 295 strán
|c 21 cm
|
| 336 |
|
|
|a text
|b txt
|2 rdacontent
|
| 337 |
|
|
|a bez média
|b n
|2 rdamedia
|
| 338 |
|
|
|a zväzok
|b nc
|2 rdacarrier
|
| 504 |
|
|
|a Bibliografia na strane 291
|
| 650 |
0 |
7 |
|a daň z pridanej hodnoty
|2 SNKPH
|9 2119
|
| 650 |
0 |
7 |
|a Value added tax
|2 SNKPHeng
|9 266500
|
| 651 |
|
7 |
|a Slovensko
|2 SNKPHgeo
|9 14231
|
| 651 |
|
7 |
|a Slovakia
|2 SNKPHeng
|9 92630
|
| 655 |
|
7 |
|a príručky
|2 SNKPH
|9 74364
|
| 655 |
|
7 |
|a Handbooks, manuals, etc.
|2 SNKPHeng
|9 90964
|
| 919 |
|
|
|a 978-80-571-0203-8
|
| 958 |
|
|
|a NB
|
| 999 |
|
|
|c 1037293
|d 1039223
|
| 952 |
|
|
|a SNK
|b SNK
|y PREZ
|7 0
|p 17A1428917
|o snkSC 189537
|i snk2020/13114
|8 0
|0 0
|1 0
|4 0
|d 2020-07-22
|f 1
|l 0
|r 2025-10-07 00:00:00
|w 2026-02-24
|
| 952 |
|
|
|a SNK
|b SNK
|y VYP
|7 0
|p 17A1428918
|o snkSC 189537 D1
|i snk2020/13115
|8 0
|0 0
|1 0
|4 0
|d 2020-07-22
|l 0
|r 2026-02-24 14:13:19
|w 2026-02-24
|